Ride the change: (Record no. 27453)

MARC details
000 -LEADER
fixed length control field 00899nam a2200229 a 4500
005 - DATE AND TIME OF LATEST TRANSACTION
control field 2009061502012.0
008 - FIXED-LENGTH DATA ELEMENTS--GENERAL INFORMATION
fixed length control field 060724s2005 ii b 101 0 eng
010 ## - LCCN (DPL NO)
LC control number ENG-93992
020 ## - INTERNATIONAL STANDARD BOOK NUMBER
International Standard Book Number 9780070147942
Terms of availability 250.00
020 ## - INTERNATIONAL STANDARD BOOK NUMBER
International Standard Book Number 0070147949
Terms of availability 250.00
035 ## - SYSTEM CONTROL NUMBER
System control number EN-77525
037 ## - SOURCE OF ACQUISITION
Source of stock number/acquisition DBAD / PUB
040 ## - CATALOGING SOURCE
Original cataloging agency dpl
Language of cataloging English
082 ## - DEWEY DECIMAL CLASSIFICATION NUMBER
Classification number 658.834
100 ## - MAIN ENTRY--PERSONAL NAME
Personal name Parameswaran, M.G.
245 ## - TITLE STATEMENT
Title Ride the change:
Statement of responsibility, etc by M.G. Parameswaran
Remainder of title a perspective on the changing Indian consumer, market and marketing /
260 ## - PUBLICATION, DISTRIBUTION, ETC. (IMPRINT)
Place of publication, distribution, etc New Delhi
Name of publisher, distributor, etc Tata McGraw-Hill Publishing
Date of publication, distribution, etc 2009
270 ## - ADDRESS
Address 7 West Patel Nagar
City New Delhi
Postal code 110008
300 ## - PHYSICAL DESCRIPTION
Extent xvii, 192p.
Dimensions 22cm(pbk)
942 ## - ADDED ENTRY ELEMENTS (KOHA)
Source of classification or shelving scheme Dewey Decimal Classification
Item type English Books
Call number suffix PAR
Classification part 658.834
Holdings
Withdrawn status Lost status Source of classification or shelving scheme Damaged status Not for loan Collection code Home library Current library Date acquired Source of acquisition Cost, normal purchase price Total Checkouts Full call number Barcode Date last seen Copy number Cost, replacement price Koha item type
    Dewey Decimal Classification   Not For Loan Non-fiction D.B.Act.Division D.B.Act.Division 15/06/2009 DBAD / PUB 250.00   658.834 PAR EN-77525 15/06/2009 1 250.00 English Books

© Delhi Public Library
Hit Counter
free hit counter